| 000 | 01273pab a2200193 454500 | ||
|---|---|---|---|
| 008 | 180718b2003 xxu||||| |||| 00| 0 eng d | ||
| 100 | _aImbroscio, David L. | ||
| 245 | _aLocal policy responses to globalization: placed-based ownership models of economic enterprise | ||
| 260 | _c2003 | ||
| 300 | _ap.31-52. | ||
| 362 | _aFeb | ||
| 520 | _aThe destablizing forces wrought by economic globalization increasingly buffet local communities throughout America. This article explores a local policy strategy for coping with the effects of these forces and restoring some degree of stability to local economies. This strategy entails the creation of place-based ownership models of economic enterprise. With ownership and control held in a more collective or community-oriented fashion, such enterprises tend to anchor or root investment more securely in communities, providing a counterforce to globalization. We present and critically assess six place-based ownership models while providing illustrative examples to demonstrate how each model can work in practice. - Reproduced. | ||
| 650 | _aGlobalization | ||
| 650 | _aEconomic and social development | ||
| 700 | _aAlperovitz, Gar | ||
| 700 | _aWilliamson, Thad | ||
| 773 | _aPolicy Studies Journal | ||
| 909 | _a56374 | ||
| 999 |
_c56374 _d56374 |
||